000
00354nam a2200157Ia 4500
008
230718s9999 xx 000 0 und d
041
_a
eng
082
_a
004
_b
KUL
100
_a
Kulkarni V.
245
_a
Theory Of Computer Science
260
_c
1999
_b
Technova
300
_a
244
365
_c
Rs.
_b
195.00
700
_a
Kulkarni V.
906
_c
COMP
999
_c
299104
_d
299104